COMPARISON OF DIFFERENT RATES OF SEMI-ORGANIC 5-5-5 FERTILIZER ON LETTUCE (Lactuca sativa L.),ប្រៀបធៀបកម្រិតជីពាក់កណ្តាលសរីរាង្គ៥-៥-៥លើដំណាំសាលាដ (Record no. 23564)

000 -LEADER
fixed length control field 00622nam a22001337a 4500
040 ## - CATALOGING SOURCE
Transcribing agency RUA
082 ## - DEWEY DECIMAL CLASSIFICATION NUMBER
Classification number AGR PHO 2022 B1-546 Or.
100 ## - MAIN ENTRY--AUTHOR NAME
Personal name PHO KIMLENG,ផូ គីមលេង
245 ## - TITLE STATEMENT
Title COMPARISON OF DIFFERENT RATES OF SEMI-ORGANIC 5-5-5 FERTILIZER ON LETTUCE (Lactuca sativa L.),ប្រៀបធៀបកម្រិតជីពាក់កណ្តាលសរីរាង្គ៥-៥-៥លើដំណាំសាលាដ
260 ## - PUBLICATION, DISTRIBUTION, ETC. (IMPRINT)
Place of publication phnom penh
Name of publisher rua
Year of publication 2022
300 ## - PHYSICAL DESCRIPTION
Number of Pages x.41p.
Other physical details ill.
Dimensions 29cm.
856 ## - ELECTRONIC LOCATION AND ACCESS
Uniform Resource Identifier https://drive.google.com/file/d/1fWcxWgvYOHjX4mhTvrfwflH7FEJHN7h3/view?usp=sharing
942 ## - ADDED ENTRY ELEMENTS (KOHA)
Koha item type AGR
952 ## - LOCATION AND ITEM INFORMATION (KOHA)
Withdrawn status [LOCAL, KOHA] 0
952 ## - LOCATION AND ITEM INFORMATION (KOHA)
Withdrawn status [LOCAL, KOHA] 0
952 ## - LOCATION AND ITEM INFORMATION (KOHA)
Withdrawn status [LOCAL, KOHA] 0
952 ## - LOCATION AND ITEM INFORMATION (KOHA)
Withdrawn status [LOCAL, KOHA] 0
Holdings
Permanent Location Date acquired Koha item type Lost status Shelving location Barcode Current Location Full call number
Library Block B2024-08-13AGR B1.546a076602Library Block BAGR PHO 2022 B1-546 Or.
Library Block B2024-08-13AGR B1.546a076595Library Block BAGR PHO 2022 B1-546 Or.
Library Block B2024-08-13AGR B1.546a076587Library Block BAGR PHO 2022 B1-546 Or.
Library Block B2024-08-13AGR B1.546a076631Library Block BAGR PHO 2022 B1-546 Or.
មជ្ឈមណ្ឌលឯការនៃសាកលវិទ្យាល័យភូមិន្ទកសិកម្មចំការដូង

Powered by Koha